XXIX International seminar on stability problems for stochastic models and V International workshop "Applied problems in theory of probabilities and mathematical statistics related to modeling of information systems", 10-16 October 2011, Svetlogorsk, Russia (Запись № 3891044)

Подробности
000 -МАРКЕР
контрольное поле 02904nam0a2200361 4500
001 - ИДЕНТИФИКАТОР ЗАПИСИ
контрольное поле RU\NLR\b_ik\194060
005 - ИДЕНТИФИКАТОР ВЕРСИИ
контрольное поле 20260408082233.0
010 ## - МЕЖДУНАРОДНЫЙ СТАНДАРТНЫЙ НОМЕР КНИГИ (ISBN)
Номер (ISBN) 978-5-91-993-003-7
Тираж 100
035 ## - ДРУГИЕ СИСТЕМНЫЕ НОМЕРА
Идентификатор записи (NLR Aleph) 002266487
100 ## - ДАННЫЕ ОБЩЕЙ ОБРАБОТКИ
Данные общей обработки 20120229d2011 |||y0rusy50 ca
101 0# - ЯЗЫК РЕСУРСА
Язык текста, звукозаписи и т.д. английский
Язык резюме русский
102 ## - СТРАНА ПУБЛИКАЦИИ ИЛИ ПРОИЗВОДСТВА
Страна публикации российская федерация
105 ## - ПОЛЕ КОДИРОВАННЫХ ДАННЫХ: ТЕКСТОВЫЕ МАТЕРИАЛЫ, МОНОГРАФИЧЕСКИЕ
Кодированные данные о монографическом текстовом документе a |||||||||
200 1# - ЗАГЛАВИЕ И СВЕДЕНИЯ ОБ ОТВЕТСТВЕННОСТИ
Основное заглавие XXIX International seminar on stability problems for stochastic models and V International workshop "Applied problems in theory of probabilities and mathematical statistics related to modeling of information systems", 10-16 October 2011, Svetlogorsk, Russia
Сведения, относящиеся к заглавию book of abstracts
Первые сведения об ответственности ed. by Prof. Victor Yu. Korolev a. Prof. Sergey Ya. Shorgin
210 ## - ПУБЛИКАЦИЯ, РАСПРОСТРАНЕНИЕ И ДР.
Место издания, распространения и т.д. Moscow
Имя издателя, распространителя и т. д. Institute of informatics problems, RAS
Дата издания, распространения и т.д. 2011
215 ## - ФИЗИЧЕСКАЯ ХАРАКТЕРИСТИКА
Специфическое обозначение материала и объем 99 c.
Другие сведения о физической характеристике ил.
Размеры 20
300 ## - ОБЩИЕ ПРИМЕЧАНИЯ
Текст примечания В вып. дан.: XXIX Международный семинар по проблемам устойчивости стохастических моделей и Международный рабочий семинар "Прикладные задачи теории вероятностей и математической статистики, связанные с моделированием информационных систем"
300 ## - ОБЩИЕ ПРИМЕЧАНИЯ
Текст примечания В надзаг.: Fac. of computational mathematics a. cybernetics, Moscow state univ., Inst. of informatics problems, Russ. acad. of sciences
300 ## - ОБЩИЕ ПРИМЕЧАНИЯ
Текст примечания Рез. на рус. яз.
320 ## - ПРИМЕЧАНИЯ О НАЛИЧИИ В ДОКУМЕНТЕ БИБЛИОГРАФИИ / УКАЗАТЕЛЯ
Текст примечания Библиогр. в конце докл.
517 0# - ДРУГИЕ ВАРИАНТЫ ЗАГЛАВИЯ
Вариант заглавия XXIX Международный семинар по проблемам устойчивости стохастических моделей и Международный рабочий семинар "Прикладные задачи теории вероятностей и математической статистики, связанные с моделированием информационных систем"
606 1# - НАИМЕНОВАНИЕ ТЕМЫ КАК ПРЕДМЕТ
Наименование темы Информационные системы
Формальный подзаголовок Съезды, совещания и т.п.
Тематический подзаголовок Математическое моделирование
Системный номер авторитетной/нормативной записи 1191390
Идентификатор авторитетной/нормативной записи RU\NLR\AUTH\66480901
606 1# - НАИМЕНОВАНИЕ ТЕМЫ КАК ПРЕДМЕТ
Наименование темы Стохастическое моделирование
Формальный подзаголовок Съезды, совещания и т.п.
Системный номер авторитетной/нормативной записи 2190961
Идентификатор авторитетной/нормативной записи RU\NLR\AUTH\661317062
686 1# - ИНДЕКСЫ ДРУГИХ КЛАССИФИКАЦИЙ
Индекс В1я431(0)
686 1# - ИНДЕКСЫ ДРУГИХ КЛАССИФИКАЦИЙ
Индекс З973.233.02-01с116я431(0)
702 #1 - ИМЯ ЛИЦА - ВТОРИЧНАЯ ОТВЕТСТВЕННОСТЬ
Начальный элемент ввода Korolev
Часть имени, кроме начального элемента ввода V. Ju.
Даты 1954-
Расширение инициалов личного имени Viktor Jur'evič
Код отношения Редактор
710 12 - НАИМЕНОВАНИЕ ОРГАНИЗАЦИИ - ПЕРВИЧНАЯ ОТВЕТСТВЕННОСТЬ
Материалы, к которым относится поле eng
Начальный элемент ввода International seminar on stability problems for stochastic models
Порядковый номер временной организации и / или порядковый номер ее части 29
Дата проведения временной организации 2011
Место проведения временной организации Svetlogorsk
Графика поля Латинская
Идентификатор авторитетной/нормативной записи RU\NLR\AUTH\8810222828
Системный номер авторитетной/нормативной записи 330294
711 12 - НАИМЕНОВАНИЕ ОРГАНИЗАЦИИ - АЛЬТЕРНАТИВНАЯ ОТВЕТСТВЕННОСТЬ
Материалы, к которым относится поле eng
Начальный элемент ввода "Applied problems in theory of probabilities and mathematical statistics related to modeling of information systems", international workshop
Порядковый номер временной организации и / или порядковый номер ее части 5
Дата проведения временной организации 2011
Место проведения временной организации Svetlogorsk
Графика поля Латинская
Идентификатор авторитетной/нормативной записи RU\NLR\AUTH\8810222830
Системный номер авторитетной/нормативной записи 330298
801 #0 - ИСТОЧНИК ЗАПИСИ
Страна российская федерация
Организация NLR
Дата составления 20120229
Правила каталогизации RCR
942 ## - ДОПОЛНИТЕЛЬНЫЕ ЭЛЕМЕНТЫ ЗАПИСИ (АБИС)
Тип экземпляра АБИС Книга
980 ## - КОЛЛЕКЦИЯ
Название коллекции Национальная библиография
Экземпляры
Тип экземпляра Дата поступления Источник поступления Библиотека постоянного хранения Библиотека текущего хранения Место хранения Шифр хранения Штрих-код Статус не для выдачи Публичное примечание
Книга 29.02.2012 Обязательный экземпляр РНБ (Московский) РНБ (Московский) Иностранный книжный фонд Ик 2012-4/23 1100904   ;